Statistics for ICC Cricket Standings (ODI)

Click here to take the quiz!

General Stats

  • This quiz has been taken 43 times
  • The average score is 9 of 12

Answer Stats

No.Team% Correct
1stAustralia
100%
2ndSouth Africa
88%
4thIndia
82%
3rdNew Zealand
82%
5thEngland
79%
8thPakistan
74%
6thSri Lanka
74%
7thBangladesh
71%
9thWest Indies
68%
11thZimbabwe
68%
10thAfghanistan
62%
12thIreland
59%

Score Distribution

Percentile by Number Answered

Percent of People with Each Score

Your Score History

You have not taken this quiz